000 00334nam a22001217a 4500
008 190311b xxu||||| |||| 00| 0 eng d
041 _aeng
080 _a043.3
100 _a0
101 _aSHKI-BA
245 _aComparison of Graph Database and Relational Databases Neo4j and MySQL performance comparison
_cMala,A
942 _2udc
_cBK
999 _c54688
_d54688